<?xml version="1.0" encoding="UTF-8"?><?xml-stylesheet type="text/xsl" href="static/style.xsl"?><OAI-PMH xmlns="http://www.openarchives.org/OAI/2.0/" xmlns:xsi="http://www.w3.org/2001/XMLSchema-instance" xsi:schemaLocation="http://www.openarchives.org/OAI/2.0/ http://www.openarchives.org/OAI/2.0/OAI-PMH.xsd"><responseDate>2026-04-17T05:18:46Z</responseDate><request verb="GetRecord" identifier="oai:www.recercat.cat:10230/68389" metadataPrefix="marc">https://recercat.cat/oai/request</request><GetRecord><record><header><identifier>oai:recercat.cat:10230/68389</identifier><datestamp>2026-04-14T11:11:37Z</datestamp><setSpec>com_2072_6</setSpec><setSpec>col_2072_452952</setSpec></header><metadata><record xmlns="http://www.loc.gov/MARC21/slim" xmlns:dcterms="http://purl.org/dc/terms/" xmlns:xsi="http://www.w3.org/2001/XMLSchema-instance" xmlns:doc="http://www.lyncode.com/xoai" xsi:schemaLocation="http://www.loc.gov/MARC21/slim http://www.loc.gov/standards/marcxml/schema/MARC21slim.xsd">
   <leader>00925njm 22002777a 4500</leader>
   <datafield ind2=" " ind1=" " tag="042">
      <subfield code="a">dc</subfield>
   </datafield>
   <datafield ind2=" " ind1=" " tag="720">
      <subfield code="a">Freixa Font, Pere</subfield>
      <subfield code="e">author</subfield>
   </datafield>
   <datafield ind2=" " ind1=" " tag="720">
      <subfield code="a">Redondo i Arolas, Mar</subfield>
      <subfield code="e">author</subfield>
   </datafield>
   <datafield ind2=" " ind1=" " tag="260">
      <subfield code="c">2024-10-29T07:37:08Z</subfield>
   </datafield>
   <datafield ind2=" " ind1=" " tag="260">
      <subfield code="c">2024-10-29T07:37:08Z</subfield>
   </datafield>
   <datafield ind2=" " ind1=" " tag="260">
      <subfield code="c">2024</subfield>
   </datafield>
   <datafield ind2=" " ind1=" " tag="520">
      <subfield code="a">Comunicació presentada a IX Congreso Internacional de la AE-IC: Comunicación e Innovación Sostenible, celebrada a Múrcia del 28 al 31 de maig de 2024.</subfield>
   </datafield>
   <datafield ind2=" " ind1=" " tag="520">
      <subfield code="a">La irrupción de la inteligencia artificial (IA) en los medios de comunicación ha provocado un&#xd;
amplio debate académico sobre su potencial transformador. Sin embargo, resulta sorprendente&#xd;
que el fotoperiodismo no se haya implicado en esa polémica. Ante el reto de la IA, a través de&#xd;
declaraciones y manifiestos, los actores involucrados en la creación de fotografías de prensa&#xd;
(fotógrafos, agencias, organizaciones profesionales y medios) se han posicionado prohibiendo&#xd;
su presencia en los medios. La negativa a cuestionar y debatir el impacto de la IA en el&#xd;
periodismo fotográfico invisibiliza el trabajo de autores que están explorando su potencialidad&#xd;
discursiva. Esta investigación, mediante el estudio de caso, tiene por objetivo localizar los&#xd;
principales aspectos tanto formales como narrativos y procedimentales que caracterizan la&#xd;
incorporación de IA en la creación fotoperiodística. La prácticamente nula existencia de estudios&#xd;
académicos sobre estos aspectos (Ritchin, 2023; Darrach, 2023) evidencia la necesidad de su&#xd;
abordaje, dada la relevancia de la comunicación visual en la elaboración de relatos periodísticos.</subfield>
   </datafield>
   <datafield ind2=" " ind1=" " tag="520">
      <subfield code="a">Este trabajo forma parte del proyecto &amp;quot;Parámetros y estrategias para&#xd;
incrementar la relevancia de los medios y la comunicación digital en la sociedad:&#xd;
curación, visualización y visibilidad (CUVICOM)” financiado por&#xd;
MICIU/AEI/PID2021-123579OB-I00 y por “FEDER/UE”.</subfield>
   </datafield>
   <datafield tag="653" ind2=" " ind1=" ">
      <subfield code="a">Inteligencia artificial</subfield>
   </datafield>
   <datafield tag="653" ind2=" " ind1=" ">
      <subfield code="a">Fotoperiodismo</subfield>
   </datafield>
   <datafield tag="653" ind2=" " ind1=" ">
      <subfield code="a">Fotografía</subfield>
   </datafield>
   <datafield tag="653" ind2=" " ind1=" ">
      <subfield code="a">Contenido visual</subfield>
   </datafield>
   <datafield tag="653" ind2=" " ind1=" ">
      <subfield code="a">Medios de comunicación</subfield>
   </datafield>
   <datafield ind2="0" ind1="0" tag="245">
      <subfield code="a">IA, contenido visual y periodismo: fundamentos para un debate</subfield>
   </datafield>
</record></metadata></record></GetRecord></OAI-PMH>